00154 a2200061 4500100001600000245002600016260005000042 aMirasdar M. aश्रीराम bBharatiya Vichar Sadhana Pune Prakashanc2015